Die größten Städte Brasiliens - Statistiken

Allgemein
  • Dieses Quiz wurde 34 mal gespielt
  • Das Durchschnittsergebnis liegt bei 8 aus 15
Antwortstatistiken
Stadt Einwohner % Korrekt
Brasília 2.718.082
97%
Rio de Janeiro 6.211.164
97%
Sao Paulo 11.434.786
97%
Manaus 2.043.677
74%
Belém 1.296.633
58%
Belo Horizonte 2.315.560
58%
Porto Alegre 1.330.428
58%
Recife 1.488.920
58%
Curitiba 1.773.718
48%
Fortaleza 2.428.708
48%
Salvador da Bahia 2.417.478
45%
Sao Luís 1.029.939
16%
Campinas 1.132.934
10%
Goiâna 1.435.186
10%
Guarulhos 1.291.152
0%
Keine übereinstimmenden Quizze gefunden
Verteilung der Resultate
Anzahl Personen mit jedem Resultat
Perzentil nach korrekt beantworteten Fragen
Ihre Resultats-Entwicklung
Sie haben dieses Quiz noch nicht gespielt